[Event "38th Nezhmetdinov Mem"]
[Site "Kazan RUS"]
[Date "2016.06.03"]
[Round "4.4"]
[White "Sharafiev, Azat"]
[Black "Shomoev, Anton"]
[Result "0-1"]
[WhiteTitle "IM"]
[BlackTitle "GM"]
[WhiteElo "2435"]
[BlackElo "2553"]
[WhiteFideId "4186214"]
[BlackFideId "4135148"]
[EventDate "2016.05.31"]

1. d4 d5 2. c4 dxc4 3. e3 e5 4. Bxc4 Nc6 5. Nf3 e4 6. Nfd2 Qg5 7. g3 Nf6 8. Nc3
Bb4 9. a3 Bxc3 10. bxc3 O-O 11. Rb1 a6 12. Be2 b6 13. h4 Qg6 14. c4 h5 15. Bb2
Re8 16. Qc2 Bg4 17. Bf1 Ne7 18. Bg2 Nf5 19. Rc1 Bf3 20. Bxf3 Nxe3 21. fxe3 Qxg3+
22. Kd1 exf3 23. Qc3 f2 24. e4 Qg4+ 25. Kc2 Nxe4 26. Nxe4 Rxe4 27. Kb1 Rae8 28.
Rhf1 Re2 29. d5 R8e3 30. Qd4 Rb3 0-1

[Event "38th Nezhmetdinov Mem"]
[Site "Kazan RUS"]
[Date "2016.06.03"]
[Round "4.5"]
[White "Yagupov, Igor"]
[Black "Maiorov, Nikita1"]
[Result "0-1"]
[WhiteTitle "GM"]
[BlackTitle "GM"]
[WhiteElo "2400"]
[BlackElo "2538"]
[WhiteFideId "4113632"]
[BlackFideId "13501720"]
[EventDate "2016.05.31"]

1. e4 g6 2. d4 Bg7 3. Nc3 d6 4. Be3 a6 5. a4 b6 6. Nf3 Bb7 7. Be2 e6 8. O-O Ne7
9. h4 h6 10. h5 g5 11. d5 Bxc3 12. bxc3 exd5 13. Qd4 Rg8 14. Qf6 dxe4 15. Nd4 c5
16. Qxh6 cxd4 17. Bxd4 Nbc6 18. Be3 Qd7 19. Bxg5 Ne5 20. Rfd1 O-O-O 21. Qf6 Rxg5
22. Qxg5 Rg8 23. Qf4 e3 24. Qxe3 Bxg2 25. f4 Nd5 26. Qd4 Qh3 27. Bxa6+ Kc7 28.
fxe5 Be4+ 29. Kf2 Rg2+ 30. Ke1 Qh1+ 0-1

[Event "38th Nezhmetdinov Mem"]
[Site "Kazan RUS"]
[Date "2016.06.03"]
[Round "4.6"]
[White "Bocharov, Dmitry"]
[Black "Korchmar, Vasiliy"]
[Result "1-0"]
[WhiteTitle "GM"]
[BlackTitle "IM"]
[WhiteElo "2597"]
[BlackElo "2437"]
[WhiteFideId "4138716"]
[BlackFideId "24131750"]
[EventDate "2016.05.31"]

1. Nf3 d5 2. g3 g6 3. c4 c6 4. Qa4 dxc4 5. Qxc4 Bg7 6. Bg2 Nh6 7. O-O Nf5 8. d3
O-O 9. Qc2 a5 10. Nc3 Na6 11. Rd1 Qb6 12. e3 h6 13. e4 Nd4 14. Nxd4 Qxd4 15. Be3
Qd6 16. d4 Bg4 17. Rd2 Qe6 18. Re1 Bh3 19. d5 cxd5 20. exd5 Qd7 21. Bxh3 Qxh3
22. Qb3 Qd7 23. Na4 Rae8 24. Nb6 Qg4 25. Qb5 f5 26. Qc4 Qf3 27. d6+ Kh7 28. d7
Rd8 29. Bd4 1-0

[Event "38th Nezhmetdinov Mem"]
[Site "Kazan RUS"]
[Date "2016.06.03"]
[Round "4.7"]
[White "Fedorov, Alexei"]
[Black "Khegay, Dmitriy"]
[Result "1-0"]
[WhiteTitle "GM"]
[BlackTitle "FM"]
[WhiteElo "2565"]
[BlackElo "2434"]
[WhiteFideId "13500465"]
[BlackFideId "24153729"]
[EventDate "2016.05.31"]

1. e4 e6 2. d4 d5 3. Nc3 Bb4 4. e5 Ne7 5. a3 Bxc3+ 6. bxc3 c5 7. h4 Qa5 8. Bd2
Qa4 9. h5 b6 10. h6 g6 11. Bg5 Nbc6 12. Nf3 Ba6 13. Qd2 cxd4 14. cxd4 Rc8 15. g4
O-O 16. Rh3 Bc4 17. Qf4 Qxc2 18. Nd2 f5 19. exf6 Bxf1 20. Kxf1 Rce8 21. Re1 Nc8
22. Nf3 Nd8 23. Ne5 Nf7 24. Rc1 Qb2 25. Nxf7 Rxf7 26. Rhc3 Qb5+ 27. Kg2 Qd7 28.
Rc7 e5 29. dxe5 Qe6 30. R1c6 Rxc7 31. Rxc7 Rf8 32. f7+ 1-0

[Event "38th Nezhmetdinov Mem"]
[Site "Kazan RUS"]
[Date "2016.06.03"]
[Round "4.8"]
[White "Rozum, Ivan"]
[Black "Faizrakhmanov, Ramil"]
[Result "1-0"]
[WhiteTitle "GM"]
[BlackTitle "FM"]
[WhiteElo "2559"]
[BlackElo "2422"]
[WhiteFideId "24104272"]
[BlackFideId "24103209"]
[EventDate "2016.05.31"]

1. Nf3 Nf6 2. g3 d5 3. Bg2 c6 4. c4 Bg4 5. Ne5 Be6 6. cxd5 Bxd5 7. Nf3 c5 8. Nc3
Bc6 9. O-O e6 10. Re1 Be7 11. e4 O-O 12. d4 cxd4 13. Nxd4 Bc5 14. Be3 Na6 15.
Rc1 e5 16. Nxc6 bxc6 17. Qe2 Bxe3 18. Qxe3 Qa5 19. a3 Nc7 20. Na2 Ne6 21. Nb4 c5
22. Nd3 Nd7 23. Bh3 Qb5 24. Bxe6 fxe6 25. Qe2 c4 26. Nb4 a5 27. Na2 Qb3 28. Qxc4
Qxb2 29. Re2 Qxa3 30. Qxe6+ Rf7 31. Rd2 Qf3 32. Rc3 Qf6 33. Qd5 Re8 34. Qxa5 Nf8
35. Qb5 Rd8 36. Qe2 Rb8 37. Kg2 Ne6 38. Rf3 Qxf3+ 39. Qxf3 Rxf3 40. Kxf3 Ng5+
41. Ke3 Rf8 42. f4 exf4+ 43. gxf4 Nh3 44. f5 g6 45. Rg2 Ra8 46. fxg6 hxg6 47.
Rxg6+ Kf7 48. Rg2 Ra3+ 49. Kd4 Ra4+ 50. Ke5 Ra5+ 51. Kd6 Ra6+ 52. Kc5 Nf4 53.
Rf2 Ke6 54. Nb4 Ra5+ 55. Kc4 Ng6 56. Nd3 Ra4+ 57. Kc3 Ra8 58. Rb2 Rh8 59. Kd4
Rd8+ 60. Ke3 Rh8 61. Rf2 Rh3+ 62. Kd4 Rh4 63. Nc5+ Ke7 64. Ra2 Rh5 65. Nd3 Ke8
66. Rg2 Rh6 67. Rf2 Rh5 68. Nb4 Rh3 69. Nd5 Nh4 70. Kc5 Nf3 71. Nf4 Rxh2 72.
Rxf3 Ke7 73. Kd5 1-0

[Event "38th Nezhmetdinov Mem"]
[Site "Kazan RUS"]
[Date "2016.06.03"]
[Round "4.9"]
[White "Pridorozhni, Aleksei"]
[Black "Nikitenko, Mihail"]
[Result "1-0"]
[WhiteTitle "GM"]
[WhiteElo "2552"]
[BlackElo "2374"]
[WhiteFideId "4127870"]
[BlackFideId "13506862"]
[EventDate "2016.05.31"]

1. e4 d6 2. d4 Nf6 3. f3 e5 4. d5 Be7 5. Be3 h5 6. c4 Nh7 7. Nc3 Bg5 8. Qd2 h4
9. Bd3 a5 10. Bc2 Na6 11. Nge2 O-O 12. g3 Bh3 13. Rg1 hxg3 14. hxg3 f5 15. O-O-O
Bxe3 16. Qxe3 Ng5 17. f4 Nxe4 18. Nxe4 fxe4 19. g4 exf4 20. Qxh3 f3 21. Nc3 f2
22. Rh1 Qg5+ 23. Kb1 e3 24. Bf5 Nc5 25. Ne4 Qh6 26. Qf3 Qg6 27. Nxc5 dxc5 28.
Qxe3 1-0

[Event "38th Nezhmetdinov Mem"]
[Site "Kazan RUS"]
[Date "2016.06.03"]
[Round "4.10"]
[White "Shariyazdanov, Andrey"]
[Black "Korovin, Mikhail"]
[Result "1-0"]
[WhiteTitle "GM"]
[WhiteElo "2527"]
[BlackElo "2240"]
[WhiteFideId "4122747"]
[BlackFideId "24178560"]
[EventDate "2016.05.31"]

1. Nf3 Nf6 2. e3 b6 3. b3 g6 4. Bb2 Bg7 5. d4 Bb7 6. c4 O-O 7. Be2 d5 8. Nbd2
Nbd7 9. O-O Rc8 10. b4 c5 11. dxc5 bxc5 12. b5 e6 13. a4 Qc7 14. Qc2 Rfd8 15.
Rfd1 h6 16. h3 Ne8 17. Bxg7 Nxg7 18. Nb3 Nf5 19. Rac1 Qb8 20. Na5 Ba8 21. Nc6
Bxc6 22. bxc6 Rxc6 23. cxd5 exd5 24. Rxd5 Nb6 25. Rxd8+ Qxd8 26. Bb5 Rc7 27. Qb2
Nd7 28. Qd2 Qe7 29. e4 Nd6 30. Bxd7 Nxe4 31. Qxh6 Qxd7 32. Qf4 Qc6 33. Ne5 g5
34. Qf5 Qd5 35. Re1 f6 36. Rxe4 fxe5 37. Rxe5 1-0

[Event "38th Nezhmetdinov Mem"]
[Site "Kazan RUS"]
[Date "2016.06.03"]
[Round "4.12"]
[White "Samusenko, Maksim"]
[Black "Timofeev, Artyom"]
[Result "0-1"]
[WhiteTitle "FM"]
[BlackTitle "GM"]
[WhiteElo "2329"]
[BlackElo "2598"]
[WhiteFideId "4112253"]
[BlackFideId "4140419"]
[EventDate "2016.05.31"]

1. d4 d5 2. Nc3 Nf6 3. Bf4 e6 4. e3 a6 5. Nf3 c5 6. a3 Nc6 7. h3 Bd6 8. dxc5
Bxc5 9. Bd3 Bd6 10. Bxd6 Qxd6 11. O-O O-O 12. Re1 Rd8 13. Qe2 Qe7 14. Rad1 Rb8
15. Qf1 b5 16. e4 dxe4 17. Nxe4 Bb7 18. c3 Na5 19. Nd4 Bd5 20. Qe2 Rbc8 21.
Nxf6+ Qxf6 22. Be4 Nc4 23. Bxd5 Rxd5 24. Nf3 Rf5 25. Rd3 h5 26. Red1 a5 27. Nd4
Re5 28. Qc2 Rd5 29. Qb3 Qg6 30. Rg3 Qe4 31. Rc1 Qf4 32. Re1 Qd2 33. Rd1 Qxb2 34.
Qxb2 Nxb2 35. Rb1 Na4 36. Nxb5 Rcc5 37. Re1 Rxb5 38. c4 Re5 0-1

[Event "38th Nezhmetdinov Mem"]
[Site "Kazan RUS"]
[Date "2016.06.03"]
[Round "4.13"]
[White "Aleksandrov, Aleksej"]
[Black "Obolentseva, Alexandra"]
[Result "1-0"]
[WhiteTitle "GM"]
[BlackTitle "WFM"]
[WhiteElo "2592"]
[BlackElo "2324"]
[WhiteFideId "13500139"]
[BlackFideId "24153648"]
[EventDate "2016.05.31"]

1. f4 d5 2. Nf3 c5 3. d3 Nf6 4. g3 g6 5. Bg2 Bg7 6. O-O O-O 7. Qe1 Qb6 8. e4 c4+
9. Kh1 cxd3 10. cxd3 dxe4 11. dxe4 Nc6 12. Na3 Rd8 13. h3 Qb4 14. Nd2 Rd3 15.
Kh2 Be6 16. e5 Ne8 17. Ne4 Qb6 18. Qf2 Qxf2 19. Rxf2 b6 20. Rd2 Rxd2 21. Bxd2
Rd8 22. Rc1 Nd4 23. Bb4 Bf8 24. b3 a5 25. Be1 f5 26. Ng5 Bd5 27. Rd1 Bxg2 28.
Kxg2 e6 29. Bf2 h6 30. Rxd4 Rxd4 31. Bxd4 hxg5 32. Nb5 gxf4 33. gxf4 Bc5 34.
Bxc5 bxc5 35. Kg3 Ng7 36. Nd6 Kf8 37. Nc4 a4 38. bxa4 Ke7 39. Kh4 Kd7 40. Kg5
Nh5 41. a5 Kc6 42. Nd6 Kc7 43. h4 Kc6 44. a3 Kc7 45. a4 Kc6 46. Nc4 Kb7 47. Kxg6
Nxf4+ 48. Kh6 Nh3 49. h5 f4 50. Kg6 f3 51. h6 f2 52. Ne3 Nf4+ 53. Kg5 1-0

[Event "38th Nezhmetdinov Mem"]
[Site "Kazan RUS"]
[Date "2016.06.03"]
[Round "4.14"]
[White "Karpeshov, Oleg"]
[Black "Smirnov, Pavel"]
[Result "0-1"]
[WhiteTitle "IM"]
[BlackTitle "GM"]
[WhiteElo "2323"]
[BlackElo "2564"]
[WhiteFideId "4106814"]
[BlackFideId "4123425"]
[EventDate "2016.05.31"]

1. e4 c5 2. Nc3 Nc6 3. Nf3 g6 4. d4 cxd4 5. Nxd4 Bg7 6. Nde2 Nf6 7. g3 O-O 8.
Bg2 Rb8 9. a4 a6 10. O-O b5 11. axb5 axb5 12. Nd5 d6 13. c3 b4 14. Nd4 Nxd4 15.
Nxf6+ exf6 16. cxd4 f5 17. exf5 Bxf5 18. Be3 Qb6 19. Qe2 Bxd4 20. Bxd4 Qxd4 21.
Rfd1 Qe5 22. Qd2 b3 23. Ra5 Qf6 24. Ra7 Bc2 25. Qd4 Qe5 26. Qxe5 dxe5 27. Rd5
Ra8 28. Rdd7 Rxa7 29. Rxa7 e4 30. Bf1 Rc8 31. Bb5 Bd1 32. Ra1 Bg4 33. Ba4 Be6
34. Ra3 e3 35. fxe3 Rc1+ 36. Kf2 Rc2+ 37. Kf3 Rxb2 0-1

[Event "38th Nezhmetdinov Mem"]
[Site "Kazan RUS"]
[Date "2016.06.03"]
[Round "4.15"]
[White "Predke, Alexandr"]
[Black "Fakhrutdinov, Timur"]
[Result "1-0"]
[BlackTitle "FM"]
[WhiteElo "2535"]
[BlackElo "2336"]
[WhiteFideId "24107581"]
[BlackFideId "24176702"]
[EventDate "2016.05.31"]

1. e4 c5 2. Nf3 d6 3. d4 cxd4 4. Nxd4 Nf6 5. Nc3 a6 6. h3 e6 7. g4 Be7 8. g5
Nfd7 9. Be3 Nc6 10. h4 Qc7 11. f4 b5 12. Nxc6 Qxc6 13. a3 Bb7 14. Qd2 Nc5 15.
Rg1 O-O 16. f5 Rfc8 17. Rg4 Rab8 18. f6 Bf8 19. h5 Nd7 20. Ba7 Ne5 21. Rg3 Ra8
22. Bd4 Qe8 23. O-O-O Bc6 24. Bh3 a5 25. g6 gxf6 26. Rf1 hxg6 27. Bxe5 dxe5 28.
hxg6 Bg7 29. gxf7+ Kxf7 30. Qg5 Qh8 31. Qxe5 f5 32. Rxf5+ exf5 33. Qxf5+ Bf6 34.
e5 Re8 35. e6+ Kf8 36. Rg6 Re7 37. Rxf6+ Ke8 38. Nxb5 Rg7 39. Nd6+ Ke7 40. Rf7+
Rxf7 41. Nxf7 Qd4 42. Qg5+ Ke8 43. Ne5 Be4 44. Bf5 Bxf5 45. Qh5+ 1-0

[Event "38th Nezhmetdinov Mem"]
[Site "Kazan RUS"]
[Date "2016.06.03"]
[Round "4.16"]
[White "Ambartsumova, Karina"]
[Black "Gabrielian, Artur"]
[Result "0-1"]
[WhiteTitle "WGM"]
[BlackTitle "GM"]
[WhiteElo "2307"]
[BlackElo "2520"]
[WhiteFideId "4166299"]
[BlackFideId "4131002"]
[EventDate "2016.05.31"]

1. e4 c5 2. Nf3 d6 3. d4 cxd4 4. Nxd4 Nf6 5. Nc3 a6 6. Be3 e6 7. g4 Nc6 8. g5
Nd7 9. Qd2 Be7 10. h4 O-O 11. O-O-O Nxd4 12. Qxd4 b5 13. Rg1 Qa5 14. h5 b4 15.
Nb1 e5 16. Qd5 Qxd5 17. exd5 f5 18. f4 Bb7 19. a3 a5 20. Bb5 Rad8 21. Rge1 e4
22. axb4 axb4 23. b3 h6 24. gxh6 gxh6 25. Bd2 Nf6 26. Bxb4 Kh7 27. c4 Nxh5 28.
Bd2 Rg8 29. Rg1 Bf6 30. Be3 Ng3 31. Rd2 Rg7 32. Kc2 h5 33. Nc3 h4 34. Ne2 Ra8 0-1

[Event "38th Nezhmetdinov Mem"]
[Site "Kazan RUS"]
[Date "2016.06.03"]
[Round "4.17"]
[White "Hasangatin, Ramil"]
[Black "Murtazin, Bulat"]
[Result "1/2-1/2"]
[WhiteTitle "GM"]
[BlackTitle "FM"]
[WhiteElo "2512"]
[BlackElo "2319"]
[WhiteFideId "4122160"]
[BlackFideId "24151351"]
[EventDate "2016.05.31"]

1. Nf3 d5 2. d4 Nf6 3. c4 e6 4. g3 dxc4 5. Bg2 Be7 6. O-O O-O 7. Qc2 a6 8. Qxc4
b5 9. Qc2 Bb7 10. Bd2 Be4 11. Qc1 Bb7 12. Qc2 Be4 13. Qc1 Bb7 14. Rd1 Qc8 15.
Bg5 c5 16. dxc5 Qxc5 17. Qxc5 Bxc5 18. Bxf6 gxf6 19. Nbd2 Bb6 20. Rac1 Ra7 21.
Ne1 Bxg2 22. Kxg2 Rd7 23. Nd3 Rfd8 24. Rc2 Rc7 25. Rxc7 Bxc7 26. Rc1 Bb6 27. a4
bxa4 28. Nc4 Bc7 29. Nc5 Rc8 30. Nxa4 Bd8 31. b3 Be7 32. Ra1 Rc7 33. Nab2 Rb7
34. Nd2 f5 35. Nd3 Bg5 36. Nf3 Bf6 37. Rb1 Rb5 38. Nd2 Nc6 39. Rc1 Nd4 40. Rc8+
Kg7 41. Ra8 Nxe2 42. Kf1 Nd4 43. Rxa6 Nxb3 44. Nxb3 Rxb3 45. Ke2 Bd4 46. Ra2 Kf6
47. Rc2 Rb1 48. Rc1 Rb3 49. Rc4 Bb6 50. Rc2 Ra3 51. Rb2 Bd4 52. Rc2 Ra1 53. Kf3
Ra3 54. Ke2 Kg5 55. Ne1 Bb6 56. Nf3+ Kf6 57. Ne1 Ba7 58. Nf3 Bb8 59. Rb2 Bd6 60.
Rd2 Bc5 61. Rc2 Ba7 62. Ne1 Bb8 63. Nd3 Kg7 64. Rb2 Ba7 65. Rc2 Bd4 66. Ne1 Bf6
67. Nf3 e5 68. Ne1 h5 69. Ng2 h4 70. Rc6 Ra2+ 71. Kf1 f4 72. gxf4 h3 73. Ne1 e4
74. Rc2 Ra4 75. Ke2 Bh4 76. Rd2 Ra3 77. Rc2 f5 78. Rc6 Kf7 79. Nc2 Rf3 80. Nd4
Rxf4 81. f3 Bf6 82. Rc7+ Ke8 83. Ke3 Bg5 84. Ke2 exf3+ 85. Nxf3 Re4+ 86. Kf1 Be7
87. Rc8+ Bd8 88. Rc5 Rf4 89. Ke2 Re4+ 90. Kd3 Rf4 91. Ke2 Re4+ 92. Kd3 Rf4 1/2-1/2

[Event "38th Nezhmetdinov Mem"]
[Site "Kazan RUS"]
[Date "2016.06.03"]
[Round "4.18"]
[White "Zhitnikov, Konstantin"]
[Black "Kharchenko, Boris"]
[Result "0-1"]
[BlackTitle "GM"]
[WhiteElo "2274"]
[BlackElo "2467"]
[WhiteFideId "34152846"]
[BlackFideId "14113210"]
[EventDate "2016.05.31"]

1. e4 e5 2. Nf3 Nc6 3. Nc3 Nf6 4. Bb5 Bb4 5. O-O O-O 6. d3 d6 7. Ne2 Ne7 8. c3
Ba5 9. Ng3 c6 10. Ba4 Ng6 11. d4 Re8 12. Bc2 h6 13. h3 d5 14. dxe5 Nxe4 15. Nxe4
dxe4 16. Qxd8 Bxd8 17. Bxe4 Nxe5 18. Nxe5 Rxe5 19. Bc2 Bb6 20. Bd2 Re2 21. Rae1
Rxe1 22. Rxe1 Be6 23. Bb3 Bxb3 24. axb3 Rd8 25. Re2 f5 26. Kf1 Kf7 27. Ke1 g5
28. Be3 Bxe3 29. Rxe3 Kf6 30. Ke2 a5 31. Ke1 Rd5 32. Ke2 Rb5 33. c4 Rb4 34. Kf3
a4 35. bxa4 Rxb2 36. a5 Rb4 37. Re8 Rxc4 38. Rb8 Rc3+ 39. Ke2 Ra3 40. Rxb7 Rxa5
41. Rh7 Re5+ 42. Kf3 Kg6 43. Rc7 Re6 44. Rc8 Kf6 45. g4 Ke5 46. Ke3 fxg4 47.
hxg4 Kd5+ 48. Kd3 Rf6 49. Ke3 c5 50. Rh8 Kc4 51. f3 Kc3 52. Ke4 c4 53. Rc8 Kb3
54. Rb8+ Kc2 55. Rc8 c3 56. Ke3 Re6+ 57. Kd4 Rd6+ 58. Ke5 Rd3 0-1

[Event "38th Nezhmetdinov Mem"]
[Site "Kazan RUS"]
[Date "2016.06.03"]
[Round "4.19"]
[White "Harutyunian, Tigran K."]
[Black "Obodenko, Amir"]
[Result "1-0"]
[WhiteTitle "IM"]
[WhiteElo "2452"]
[BlackElo "2263"]
[WhiteFideId "13303635"]
[BlackFideId "34101176"]
[EventDate "2016.05.31"]

1. Nf3 Nf6 2. c4 b6 3. g3 Bb7 4. Bg2 c5 5. Nc3 g6 6. d4 cxd4 7. Qxd4 Bg7 8. O-O
d6 9. Rd1 O-O 10. Qh4 Re8 11. Bh6 Bh8 12. Bh3 Bc8 13. Bg2 Bb7 14. Rac1 a6 15.
Nd5 Nxd5 16. cxd5 Bxb2 17. Ng5 Nd7 18. Bh3 Bf6 19. Nxf7 Bxh4 20. Be6 Qb8 21.
Nxd6+ Kh8 22. Nf7+ Kg8 23. Ne5+ Kh8 24. Nxd7 Qd6 25. Bf4 Qxf4 26. gxf4 h5 27.
Rc7 Bc8 28. Nxb6 Bxe6 29. Nxa8 Bg4 30. f3 Bxf3 31. exf3 Rxa8 32. Rdc1 Kg7 33.
Rc8 Rxc8 34. Rxc8 Be1 35. Kg2 1-0

[Event "38th Nezhmetdinov Mem"]
[Site "Kazan RUS"]
[Date "2016.06.03"]
[Round "4.20"]
[White "Dmitriev, Igor"]
[Black "Baghdasaryan, Vahe"]
[Result "0-1"]
[WhiteTitle "IM"]
[BlackTitle "IM"]
[WhiteElo "2259"]
[BlackElo "2441"]
[WhiteFideId "4114833"]
[BlackFideId "13303139"]
[EventDate "2016.05.31"]

1. d4 d5 2. Bg5 f6 3. Bh4 Nh6 4. e3 Nf5 5. Bg3 h5 6. h3 Nxg3 7. fxg3 e5 8. Nc3
Be6 9. Bb5+ c6 10. Ba4 Bd6 11. Qf3 a5 12. Bb3 Nd7 13. Nge2 f5 14. a4 Qg5 15.
O-O-O Rh6 16. Kb1 Rg6 17. dxe5 Nxe5 18. Qf2 Nd7 19. Nf4 Bxf4 20. gxf4 Qxg2 21.
Qe1 Nc5 22. Ne2 Qe4 23. Nd4 Nxb3 24. Nxb3 Rg2 25. Qc3 Qc4 26. Qxc4 dxc4 27. Nd4
Kf7 28. Rhg1 Rxg1 29. Rxg1 Re8 30. Nf3 Kf8 31. Ne5 Rd8 32. Kc1 Rd6 33. Rg5 b5
34. Rxh5 Kg8 35. Ng6 Kf7 36. Ne5+ Kg8 37. Rg5 bxa4 38. c3 Bd5 39. h4 Be4 40.
Nxc4 Rd3 41. Rg3 Bd5 42. Ne5 a3 43. bxa3 Rxc3+ 44. Kd2 Rxa3 45. Rg6 Ra2+ 46. Kc3
Re2 47. Kd4 Be4 48. Nxc6 Rd2+ 49. Ke5 Kf7 50. Rd6 Rxd6 0-1

[Event "38th Nezhmetdinov Mem"]
[Site "Kazan RUS"]
[Date "2016.06.03"]
[Round "4.21"]
[White "Tsydypov, Zhamsaran"]
[Black "Imashev, Ildar"]
[Result "1-0"]
[WhiteTitle "IM"]
[WhiteElo "2438"]
[BlackElo "2225"]
[WhiteFideId "4108566"]
[BlackFideId "4166337"]
[EventDate "2016.05.31"]

1. e4 e6 2. d4 d5 3. e5 c5 4. c3 Nc6 5. Nf3 Bd7 6. Be2 Qb6 7. O-O Rc8 8. dxc5
Bxc5 9. b4 Bf8 10. Na3 Qd8 11. Qb3 a6 12. Rd1 Nge7 13. b5 Na5 14. Qb2 Ng6 15.
bxa6 bxa6 16. Bxa6 Bxa3 17. Qxa3 Ra8 18. Be2 Nc4 19. Qc5 Ncxe5 20. Nxe5 Nxe5 21.
Bf4 Nc6 22. c4 Rc8 23. cxd5 Ne7 24. Qb4 exd5 25. Bd6 Be6 26. Bb5+ Kf8 27. Rac1 1-0

[Event "38th Nezhmetdinov Mem"]
[Site "Kazan RUS"]
[Date "2016.06.03"]
[Round "4.22"]
[White "Vignesh, N R"]
[Black "Drogovoz, Irina"]
[Result "1-0"]
[WhiteTitle "IM"]
[BlackTitle "WIM"]
[WhiteElo "2432"]
[BlackElo "2205"]
[WhiteFideId "25012215"]
[BlackFideId "4176715"]
[EventDate "2016.05.31"]

1. Nf3 Nf6 2. b3 d6 3. Bb2 e5 4. d3 Be7 5. g3 O-O 6. Bg2 Ne8 7. e4 f5 8. exf5
Bxf5 9. O-O c6 10. Nbd2 Nc7 11. Nc4 Nd7 12. Ne3 Be6 13. c4 Bf6 14. Re1 Qe8 15.
Qc2 c5 16. d4 cxd4 17. Nxd4 exd4 18. Nd5 Rc8 19. Qd2 Nb6 20. Nxf6+ Rxf6 21. Bxd4
Rh6 22. Be3 Rf6 23. Bd4 Rf7 24. Bxb6 axb6 25. Qxd6 b5 26. cxb5 Re7 27. b6 Rd8
28. Qxc7 Rxc7 29. bxc7 Rc8 30. Bxb7 Rxc7 31. Bd5 Re7 32. Rxe6 Rxe6 33. Re1 Qd8
34. Bxe6+ Kf8 35. Bc4 Qd2 36. Re2 Qc1+ 37. Kg2 Qa3 38. h4 g6 39. Rd2 Ke7 40.
Re2+ Kf8 41. Kf3 Kg7 42. Ke3 Qc1+ 43. Kd3 Qa3 44. Rd2 Kf6 45. Ke2 Qe7+ 46. Kf1
Qa3 47. Rd7 h6 48. Rd2 Qc1+ 49. Ke2 Qa3 50. Rc2 Qe7+ 51. Kd2 Qa3 52. Bd3 Qb4+
53. Ke3 Qb6+ 54. Kf3 Ke5 55. Rc4 g5 56. hxg5 hxg5 57. b4 Qd6 58. Ke2 Kd5 59. a4
Qe5+ 60. Re4 Qb2+ 61. Kf3 Qa3 62. Re3 Qxb4 63. Bb5 g4+ 64. Kg2 Kd6 65. Re2 Qb3
66. Re1 Qf3+ 67. Kg1 Kc5 68. Rc1+ Kb6 69. Rc4 Qd5 70. Rf4 Qd2 71. Kg2 Qd1 72.
Bc4 Qxa4 73. Rxg4 Kc5 74. Be2 Qa2 75. Bf3 Kd6 76. Re4 Qd2 77. g4 Qc1 78. Kg3 Qc5
79. Bg2 Qc3+ 80. f3 Qd2 81. f4 Qc3+ 82. Bf3 Qc5 83. g5 Qf5 84. Re1 Qf7 85. Bg4
Qb3+ 86. Kh4 Qb4 87. Re6+ Kd5 88. f5 Qf4 89. Kh5 1-0

[Event "38th Nezhmetdinov Mem"]
[Site "Kazan RUS"]
[Date "2016.06.03"]
[Round "4.23"]
[White "Mohammad, Nubairshah Shaikh"]
[Black "Fedotov, Nikita2"]
[Result "1-0"]
[WhiteElo "2413"]
[BlackElo "2192"]
[WhiteFideId "5053196"]
[BlackFideId "24161446"]
[EventDate "2016.05.31"]

1. d4 Nf6 2. c4 g6 3. Nc3 d5 4. cxd5 Nxd5 5. Bd2 Bg7 6. e4 Nb6 7. Be3 O-O 8. Nf3
Nc6 9. h3 f5 10. exf5 Bxf5 11. Qb3+ Kh8 12. O-O-O Qd6 13. a3 Rad8 14. Bd3 Be6
15. Qc2 Na5 16. Ne4 Qd5 17. Nc5 Qa2 18. Nd2 Bg8 19. Qc3 Nc6 20. Bb1 Qd5 21. Be4
Qa2 22. Ndb3 Na4 23. Nxa4 Qxb3 24. Nc5 Qb6 25. Rd3 e5 26. Nxb7 Qxb7 27. Bxc6 Qa6
28. d5 Rb8 29. Rd2 Rfd8 30. Re1 Rd6 31. f4 Rf6 32. fxe5 Rf1 33. Rdd1 Rbf8 34.
Bd4 Rxe1 35. Rxe1 Rf1 36. Kd1 Rf4 37. g3 Rxd4+ 38. Qxd4 Qc8 39. g4 Qb8 40. Kc2
g5 41. Qb4 Qd8 42. e6 Qf6 43. e7 a5 44. Qc3 Qf2+ 45. Qd2 Qc5+ 46. Kb1 1-0

[Event "38th Nezhmetdinov Mem"]
[Site "Kazan RUS"]
[Date "2016.06.03"]
[Round "4.24"]
[White "Isajevsky, Anton"]
[Black "Bezdenezhnyh, Pavel"]
[Result "1-0"]
[WhiteTitle "FM"]
[WhiteElo "2403"]
[BlackElo "2181"]
[WhiteFideId "4142500"]
[BlackFideId "24126845"]
[EventDate "2016.05.31"]

1. c4 Nf6 2. Nc3 d5 3. cxd5 Nxd5 4. Nf3 g6 5. Qb3 Nb6 6. d4 Bg7 7. Bf4 Be6 8.
Qa3 O-O 9. e3 Nc6 10. Be2 Nd5 11. Nxd5 Bxd5 12. O-O Re8 13. Rfd1 e6 14. Qc3 Qe7
15. Qc2 f5 16. a3 Rac8 17. h3 Red8 18. Rac1 Kh8 19. b4 a6 20. Qc5 Rd7 21. Qxe7
Rxe7 22. Rc5 Ree8 23. Rdc1 Bf8 24. R5c3 Bd6 25. g3 Kg7 26. Nd2 Bxf4 27. gxf4 Re7
28. Bf3 Bxf3 29. Nxf3 Na7 30. a4 c6 31. Ne5 Rd8 32. Kf1 Rd5 33. Rc5 Kf6 34. Ke2
Rg7 35. h4 Re7 36. Kd3 Rg7 37. f3 Rd8 38. R5c2 Rgg8 39. e4 Rg7 40. Ke3 Re7 41.
h5 Rg7 42. hxg6 hxg6 43. Rh1 Nc8 44. Rch2 Nb6 45. a5 Nd7 46. Rh8 Rxh8 47. Rxh8
Re7 48. Nc4 Kg7 49. Rc8 fxe4 50. fxe4 Kf6 51. Rc7 Nf8 52. e5+ 1-0

[Event "38th Nezhmetdinov Mem"]
[Site "Kazan RUS"]
[Date "2016.06.03"]
[Round "4.25"]
[White "Baraeva, Marina"]
[Black "Yandemirov, Valeri"]
[Result "1/2-1/2"]
[WhiteTitle "WIM"]
[BlackTitle "GM"]
[WhiteElo "2208"]
[BlackElo "2388"]
[WhiteFideId "24142573"]
[BlackFideId "4102622"]
[EventDate "2016.05.31"]

1. c4 Nf6 2. Nf3 g6 3. g3 Bg7 4. Bg2 O-O 5. O-O c6 6. d4 d5 7. cxd5 cxd5 8. Nc3
Ne4 9. Ne5 Nxc3 10. bxc3 Nc6 11. Nxc6 bxc6 12. Qa4 Qb6 13. Ba3 Qa6 14. Qxa6 Bxa6
15. Rfe1 Rfe8 16. Rab1 e5 17. e3 Bc4 18. Bc5 Bxa2 19. Ra1 Bc4 20. Rxa7 Rxa7 21.
Bxa7 Ra8 22. Bc5 e4 23. Bf1 Bf8 24. Bxf8 Kxf8 25. Bxc4 dxc4 26. Rb1 Ra3 27. Rb6
c5 28. Rc6 cxd4 29. cxd4 c3 30. Kg2 Ke7 31. h4 Kd7 32. Rc5 h5 33. Rc4 f6 34. Rc5
Ke6 35. Rc8 Kf5 36. Rc6 Rb3 37. Rc5+ Kg4 38. Rc6 Kf5 39. Rc5+ Kg4 40. Rc6 g5 41.
Rxf6 c2 42. Rc6 gxh4 43. gxh4 Rb2 44. Rc8 Kxh4 45. Rc7 Kg4 46. Rg7+ Kf5 47. Rf7+
Kg4 48. Rg7+ 1/2-1/2

[Event "38th Nezhmetdinov Mem"]
[Site "Kazan RUS"]
[Date "2016.06.03"]
[Round "4.26"]
[White "Kanter, Eduard"]
[Black "Alekseeva, Irina"]
[Result "1-0"]
[WhiteTitle "IM"]
[WhiteElo "2375"]
[BlackElo "2177"]
[WhiteFideId "4103963"]
[BlackFideId "24178683"]
[EventDate "2016.05.31"]

1. d4 c5 2. d5 e6 3. c4 exd5 4. cxd5 d6 5. Nc3 g6 6. e4 Bg7 7. Bd3 Nf6 8. h3 O-O
9. Nf3 Na6 10. O-O Nc7 11. a4 Nd7 12. Bg5 f6 13. Bh4 Ne8 14. Ne1 Qb6 15. Bb5 a6
16. a5 Qc7 17. Be2 b6 18. axb6 Qxb6 19. Ra2 f5 20. exf5 gxf5 21. f4 Ndf6 22. Nf3
Ne4 23. Nxe4 fxe4 24. Nd2 Bf5 25. Kh1 Nf6 26. Nc4 Qc7 27. g4 Bd7 28. f5 Ne8 29.
Bg3 Bb5 30. g5 Bd4 31. Qc2 h6 32. g6 Qb7 33. Qxe4 Nf6 34. Qe6+ Kg7 35. Nxd6
Qxd5+ 36. Qxd5 Nxd5 37. Bxb5 axb5 38. Rfa1 Rxa2 39. Rxa2 Ne3 40. Ra7+ Kg8 41.
Bf4 c4 42. Rf7 Ra8 43. Bxe3 Bxe3 44. Ne4 Bd4 45. f6 Bxb2 46. Rg7+ Kf8 47. Rh7
Kg8 48. Rc7 Rf8 49. Rg7+ Kh8 50. Rh7+ Kg8 51. f7+ 1-0